Official Languages of India - Sudden Death - Statistics

General Stats
  • This quiz has been taken 171 times
  • The average score is 7 of 23
Answers on the Grid
Answers color-coded by a green-red scale on the quiz's grid according to % correct below.
Assamese
Balochi
Bengali
Bhojpuri
Bodo
Burmese
Dhivehi
Dogri
Dzongkha
English
French
Gujarati
Hindi
Indian Sign Language
Kannada
Kashmiri
Khowar
Konkani
Lepcha
Maithili
Malay
Malayalam
Mandarin
Marathi
Marwari
Meitei
Nepali
Odia
Ongan
Pashto
Persian
Punjabi
Rajasthani
Ralamathi
Sanskrit
Santali
Sentinelese
Sikkimese
Sindhi
Sinhalese
Tamil
Telugu
Tibetan
Urdu
 
Answer Stats
Answer % Correct
Bengali
71%
Assamese
60%
Hindi
56%
English
49%
Tamil
44%
Punjabi
38%
Gujarati
36%
Marathi
36%
Telugu
34%
Kannada
33%
Malayalam
31%
Urdu
27%
Odia
25%
Kashmiri
24%
Sanskrit
24%
Sindhi
22%
Nepali
21%
Konkani
19%
Maithili
19%
Bodo
17%
Dogri
13%
Meitei
10%
Santali
8%
No matching quizzes found
Score Distribution
Percent of People with Each Score
Percentile by Number Answered
Your Score History
You have not taken this quiz